<?xml version="1.0" encoding="UTF-8"?><?xml-stylesheet type="text/xsl" href="static/style.xsl"?><OAI-PMH xmlns="http://www.openarchives.org/OAI/2.0/" xmlns:xsi="http://www.w3.org/2001/XMLSchema-instance" xsi:schemaLocation="http://www.openarchives.org/OAI/2.0/ http://www.openarchives.org/OAI/2.0/OAI-PMH.xsd"><responseDate>2026-06-02T20:10:14Z</responseDate><request verb="GetRecord" identifier="oai:riuma.uma.es:10630/26883" metadataPrefix="marc">https://riuma.uma.es/rest/oai/request</request><GetRecord><record><header><identifier>oai:riuma.uma.es:10630/26883</identifier><datestamp>2026-02-03T12:53:27Z</datestamp><setSpec>com_10630_25813</setSpec><setSpec>com_10630_3139</setSpec><setSpec>com_10630_10</setSpec><setSpec>col_10630_25847</setSpec></header><metadata><record xmlns="http://www.loc.gov/MARC21/slim" xmlns:dcterms="http://purl.org/dc/terms/" xmlns:doc="http://www.lyncode.com/xoai" xmlns:xsi="http://www.w3.org/2001/XMLSchema-instance" xsi:schemaLocation="http://www.loc.gov/MARC21/slim http://www.loc.gov/standards/marcxml/schema/MARC21slim.xsd">
   <leader>00925njm 22002777a 4500</leader>
   <datafield ind2=" " ind1=" " tag="042">
      <subfield code="a">dc</subfield>
   </datafield>
   <datafield ind2=" " ind1=" " tag="720">
      <subfield code="a">León, Carmen María</subfield>
      <subfield code="e">author</subfield>
   </datafield>
   <datafield ind2=" " ind1=" " tag="720">
      <subfield code="a">Aizpurúa González, Eva</subfield>
      <subfield code="e">author</subfield>
   </datafield>
   <datafield ind2=" " ind1=" " tag="260">
      <subfield code="c">2018-12-18</subfield>
   </datafield>
   <datafield ind2=" " ind1=" " tag="520">
      <subfield code="a">Estudios recientes sugieren que el tipo de dispositivo empleado para responder las encuestas puede afectar a la revelación de información sensible. En este trabajo se analiza si el tipo de dispositivo in uye en la composición de la muestra, en el contexto en que se responden las encuestas y en la tendencia a revelar conductas de acoso. Para ello se contó con una muestra de estudiantes universitarios en España (N = 2.068), que completaron las encuestas a través de ordenadores (54,3%) y teléfonos móviles (45,7%). Los resultados sugieren que el tipo de dispositivo in uye en la forma de responder las encuestas, pero no condiciona la tendencia a revelar situaciones de acoso. Se discuten los resultados y sus implicaciones.</subfield>
   </datafield>
   <datafield ind1="8" ind2=" " tag="024">
      <subfield code="a">León, C. M., &amp; Aizpurúa, E. (2018). ¿Condiciona el dispositivo empleado para responder las encuestas la tendencia a revelar conductas de acoso?. Boletín Criminológico, (24). https://doi.org/10.24310/Boletin-criminologico.2018.v24i0.6829</subfield>
   </datafield>
   <datafield ind1="8" ind2=" " tag="024">
      <subfield code="a">https://hdl.handle.net/10630/26883</subfield>
   </datafield>
   <datafield ind1="8" ind2=" " tag="024">
      <subfield code="a">https://doi.org/10.24310/Boletin-criminologico.2018.v24i0.6829</subfield>
   </datafield>
   <datafield tag="653" ind2=" " ind1=" ">
      <subfield code="a">Acoso moral</subfield>
   </datafield>
   <datafield tag="653" ind2=" " ind1=" ">
      <subfield code="a">Encuestas - Metodología</subfield>
   </datafield>
   <datafield ind2="0" ind1="0" tag="245">
      <subfield code="a">¿Condiciona el dispositivo empleado para responder las encuestas la tendencia a revelar conductas de acoso?</subfield>
   </datafield>
</record>
</metadata></record></GetRecord></OAI-PMH>